Cyberlaw Simplified (Record no. 14537)

MARC details
000 -LEADER
fixed length control field 00316nam a22001457a 4500
020 ## - INTERNATIONAL STANDARD BOOK NUMBER
ISBN 0070435065
022 ## - INTERNATIONAL STANDARD SERIAL NUMBER
ISSN 978-0070435063
082 ## - DEWEY DECIMAL CLASSIFICATION NUMBER
Classification number 343.54099SOO
100 ## - MAIN ENTRY--AUTHOR NAME
Personal name Sood Vivek
245 ## - TITLE STATEMENT
Title Cyberlaw Simplified
260 ## - PUBLICATION, DISTRIBUTION, ETC. (IMPRINT)
Place of publication New Delhi
Name of publisher McGraw Hill
Year of publication 2014
300 ## - PHYSICAL DESCRIPTION
Number of Pages 598
650 ## - SUBJECT ADDED ENTRY--TOPICAL TERM
Topical Term Cyberlaw
942 ## - ADDED ENTRY ELEMENTS (KOHA)
Koha item type Books
Holdings
Withdrawn status Lost status Home library Current library Date acquired Cost, normal purchase price Full call number Accession Number Koha item type
    Central Library, QUEST, Nawabshah Central Library, QUEST, Nawabshah 03/11/2015 2455.00 343.54099SOO 53361 Books